Architectural design

Guardat en:
Dades bibliogràfiques
Autor principal: Pickering, Ernest (Autor)
Format: Llibre
Idioma:anglès
Publicat: Nueva York John Wiley 1941
Edició:2a. ed
Matèries:
Etiquetes: Afegir etiqueta
Sense etiquetes, Sigues el primer a etiquetar aquest registre!

MARC

LEADER 00000nam a2200000 a 4500
001 UCT2716
003 CL-VaPUC
008 961011e19410000US |||||||||||||||||eng|d
082 0 4 |a 721.042  |b PIC  |2 21 
100 0 |a Pickering, Ernest  |e author  |9 371710 
245 1 0 |a Architectural design 
250 |a 2a. ed 
300 |a 329 p 
942 |c BK 
945 |d 19961011 00:00:00  |a nastorga 
260 |a Nueva York  |b John Wiley   |c 1941 
650 0 |a Arquitectura  |9 804558 
650 0 |a Diseño arquitectónico   |9 265271 
650 0 |a Topografía   |9 260423 
650 7 |a DISEÑO AMBIENTAL  |2 CL-VaPUC  |9 268896 
650 0 |a Elementos estructurales  |9 350100 
583 |a last modification  |c 19961011 00:00:00  |k Rodrigo Vera 
999 |c 252695  |d 252693 
952 |0 0  |1 0  |4 0  |6 721_042000000000000_PIC_1941  |7 0  |8 P  |9 272732  |a BIBARQ  |b BIBARQ  |d 2019-11-19  |i 3237966  |o 721.042 PIC 1941  |p 3237966  |r 2025-01-20  |w 2019-11-19  |y BK  |k ARQ